Stacje i przystanki kolejowe w Warszawie - nagła śmierć - Statystyki

Ogólne statystyki
  • Ten quiz został rozwiązany 81 razy
    74 od ostatniego zresetowania
  • Średni wynik to 6 z 12
Answers on the Grid
Answers color-coded by a green-red scale on the quiz's grid according to % correct below.
Warszawa Główna
Warszawa Zacisze Wilno
Warszawa Wola
Warszawa Praga
Warszawa Odolany
Warszawa Centrum
Warszawa Centralna
Warszawa Ochota WKD
Warszawa Zachodnia
Warszawa Praga Północ
Warszawa Olszynka Grochowska
Warszawa Okęcie
Warszawa Salomea
Warszawa Aleje Jerozolimskie
Warszawa Ursus Niedźwiadek
Warszawa Jelonki
Warszawa Gocław
Warszawa Szczęśliwice
Warszawa Czyste
Warszawa Wiedeńska
 
Statystyki odpowiedzi
Odpowiedź % Poprawnych
Warszawa Ursus Niedźwiadek
65%
Warszawa Centralna
63%
Warszawa Główna
63%
Warszawa Zachodnia
63%
Warszawa Ochota WKD
54%
Warszawa Olszynka Grochowska
54%
Warszawa Praga
54%
Warszawa Okęcie
43%
Warszawa Aleje Jerozolimskie
39%
Warszawa Wola
39%
Warszawa Salomea
33%
Warszawa Zacisze Wilno
33%
Nie znaleziono quizów pasujących do podanych kryteriów
Rozkład punktacji
Procent ludzi z każdym wynikiem
Percentyl według liczby udzielonych odpowiedzi
Twoja historia wyników
Nie rozwiązałeś tego quizu od ostatniego zresetowania